| 000 | 00433nam a2200145Ia 4500 | ||
|---|---|---|---|
| 003 | IQ-KOUCL | ||
| 008 | 230412s9999||||xx |||||||||||||| ||und|| | ||
| 041 | _aArabic | ||
| 082 | _a801.95 cut 284 ش | ||
| 100 | _aنزار شكور شاكر | ||
| 245 | 0 | _aأضواء على الترات الادبى النقدي في المغرب والندلس | |
| 250 | _aط1 | ||
| 260 |
_bدار كفاءة المعرفة _c2019 |
||
| 942 | _cBK | ||
| 999 |
_c184524 _d184524 |
||